Statistiken für Top 20 Länder mit der höchsten Staatsverschuldung

Klicken Sie hier um das Quiz zu spielen!

Allgemein

  • Dieses Quiz wurde 86 mal gespielt
  • Das Durchschnittsergebnis liegt bei 8 aus 20

Antwortstatistiken

PlatzStaatsverschuldung in % vom BIPLand% Korrekt
2.181,8%Griechenland
86%
5.131,8%Italien
85%
18.98,4%Spanien
79%
20.96,8%Frankreich
77%
9.125,7%Portugal
74%
1.237,6%Japan
67%
14.103%Ägypten
53%
13.103,4%Belgien
47%
7.130,8%Republik Kongo
41%
10.121,6%Sudan
37%
19.97,5%Zypern
35%
11.111,1%Singapur
19%
4.146,8%Libanon
18%
6.131,2%Eritrea
17%
15.102,1%Mosambik
15%
16.101%Jamaika
12%
12.106,3%Bhutan
8%
8.125,8%Kap Verde
8%
17.99%Belize
6%
3.157,3%Barbados
4%

Verteilung der Resultate

Perzentil nach korrekt beantworteten Fragen

Anzahl Personen mit jedem Resultat

Ihre Resultats-Entwicklung

Sie haben dieses Quiz noch nicht gespielt